[Event "Deutsche Einzelmeisterschaft"]
[Site "Heringsdorf"]
[Date "2000.11.23"]
[Round "7"]
[White "Enders, Peter"]
[Black "Bunzmann, Dimitrij"]
[Result "1/2-1/2"]
[WhiteElo "2468"]
[BlackElo "2484"]
[PlyCount "83"]

1. c4 b6 2. Nc3 Bb7 3. e4 e6 4. Nf3 Bb4 5. d3 Ne7 6. a3 Bxc3+ 7. bxc3 O-O 8.
Be2 f5 9. e5 Ng6 10. h4 d6 11. Bg5 Ne7 12. h5 h6 13. Bf4 dxe5 14. Nxe5 Nd7 15.
Bf3 Nxe5 16. Bxe5 Bxf3 17. Qxf3 Qd7 18. O-O Nc6 19. Rfe1 Rad8 20. Rad1 Rfe8 21.
d4 Nxe5 22. Rxe5 Qa4 23. c5 bxc5 24. Rxc5 e5 25. Rxc7 exd4 26. cxd4 Rxd4 27.
Rf1 Rf8 28. Qb7 Rg4 29. Qd5+ Kh8 30. Ra1 Rd4 31. Qf3 Rd7 32. Rxd7 Qxd7 33. Rd1
Qa4 34. g3 Qg4 35. Kg2 Rb8 36. Rd3 Kh7 37. Re3 Rb6 38. Re8 Qxf3+ 39. Kxf3 Ra6
40. Re3 Ra4 41. Rc3 Kg8 42. Kg2 1/2-1/2

[Event "Deutsche Einzelmeisterschaft"]
[Site "Heringsdorf"]
[Date "2000.11.23"]
[Round "7"]
[White "Naiditsch, Arkadij"]
[Black "Prusikhin, Mikhailo"]
[Result "0-1"]
[WhiteElo "2449"]
[BlackElo "2460"]
[PlyCount "66"]

1. e4 c6 2. d4 d5 3. Nd2 dxe4 4. Nxe4 Nf6 5. Nxf6+ exf6 6. c3 Bd6 7. Bd3 O-O 8.
Ne2 Re8 9. Be3 Nd7 10. Qd2 Qc7 11. O-O-O Nf8 12. Kb1 a5 13. Ng3 a4 14. Ne4 {#}
14... Rxe4 15. Bxe4 f5 16. Bc2 f4 17. g3 fxe3 18. fxe3 Be6 19. e4 f6 20. Rhf1
c5 21. Bd3 cxd4 22. cxd4 Qb6 23. Be2 Rd8 24. Qc2 a3 25. Bc4 Qxb2+ 26. Qxb2 axb2
27. Bxe6+ Nxe6 28. e5 Ba3 29. d5 Nc7 30. Kc2 fxe5 31. Kb3 Bc5 32. d6 Ne6 33.
Kxb2 Bd4+ 0-1

[Event "Deutsche Einzelmeisterschaft"]
[Site "Heringsdorf"]
[Date "2000.11.23"]
[Round "7"]
[White "Slobodjan, Roman"]
[Black "Voekler, Bernd"]
[Result "1/2-1/2"]
[WhiteElo "2539"]
[BlackElo "2345"]
[PlyCount "64"]

1. Nf3 c5 2. g3 g6 3. Bg2 Bg7 4. O-O Nc6 5. e4 d6 6. c3 e5 7. a3 Nge7 8. d3 a5
9. a4 O-O 10. Na3 h6 11. Nb5 d5 12. exd5 Nxd5 13. Nd2 Be6 14. Re1 Qe7 15. Na3
Rad8 16. Nac4 Kh7 17. Qe2 Rfe8 18. Nb3 b6 19. Nbd2 Qc7 20. Na3 Qb8 21. Ndc4 Bf5
22. Be4 Be6 23. Bd2 f5 24. Bg2 Bf7 25. Rad1 Na7 26. Bc1 Qc7 27. Qc2 Rd7 28. Rd2
Qd8 29. Rde2 Rde7 30. Qb3 Nc8 31. Qc2 Na7 32. Qb3 Nc8 1/2-1/2

[Event "Deutsche Einzelmeisterschaft"]
[Site "Heringsdorf"]
[Date "2000.11.23"]
[Round "7"]
[White "Wisnewski, Christoph"]
[Black "Berezovsky, Igor"]
[Result "1-0"]
[WhiteElo "2140"]
[BlackElo "2404"]
[PlyCount "89"]

1. e4 e6 2. d3 c5 3. Nf3 Nc6 4. g3 d5 5. Qe2 Nf6 6. Bg2 Be7 7. O-O O-O 8. e5
Ne8 9. c4 Nc7 10. h4 b5 11. b3 bxc4 12. bxc4 Ba6 13. Nbd2 Rb8 14. Ba3 Nb4 15.
Nb3 Qd7 16. Rfc1 Qa4 17. Bxb4 Qxb4 18. Qc2 Rfc8 19. Qc3 Na8 20. Nfd2 Nb6 21.
Rab1 Qxc3 22. Rxc3 f5 23. Na5 Kf7 24. Ra3 Nd7 25. Rxb8 Nxb8 26. cxd5 c4 27. d6
c3 28. Ndb3 Bd8 29. Nc4 Bxc4 30. Rxa7+ Kg6 31. dxc4 Rxc4 32. Rb7 Nc6 33. Bxc6
Rxc6 34. Rb8 Bb6 35. d7 c2 36. Nc1 Ba5 37. d8=Q Bxd8 38. Rxd8 Rb6 39. Rc8 Rb2
40. Kf1 f4 41. Ke2 fxg3 42. fxg3 Kf5 43. Rc3 Rb1 44. Kd2 Kxe5 45. Rb3 1-0

[Event "Deutsche Einzelmeisterschaft"]
[Site "Heringsdorf"]
[Date "2000.11.23"]
[Round "7"]
[White "Heinzel, Olaf"]
[Black "Gutman, Lev"]
[Result "0-1"]
[WhiteElo "2389"]
[BlackElo "2533"]
[PlyCount "94"]

1. d4 Nf6 2. Nf3 c6 3. c3 Qb6 4. a4 a5 5. Nbd2 d5 6. Qb3 Qc7 7. e4 e6 8. Bd3
Be7 9. O-O O-O 10. Re1 c5 11. Qc2 h6 12. exd5 Nxd5 13. Ne4 cxd4 14. Nxd4 Nc6
15. Nb5 Qb8 16. Ng3 Bd7 17. Bc4 Nb6 18. Bb3 Ne5 19. Qe2 Ng6 20. Nh5 Nd5 21. Bc2
Ra6 22. Nd4 Qc8 23. Bxg6 fxg6 24. Ng3 Qe8 25. Nb5 Qf7 26. Ne4 e5 27. Be3 Bf5
28. Nc5 Rb6 29. Nd3 Re6 30. Nc5 Bxc5 31. Bxc5 Nf4 32. Qd2 Rc8 33. Be3 {#} 33...
Nxg2 34. Kxg2 Be4+ 35. Kf1 Qf3 36. Qd7 Rce8 37. Nd6 Bd3+ 38. Kg1 R8e7 39. Qd8+
Kh7 40. Bc5 Qg4+ 41. Kh1 Be2 42. Rxe2 Qxe2 43. Nb5 Qe4+ 44. Kg1 Rf7 45. Qd1 Rf4
46. Be3 Rg4+ 47. Kf1 Qc4+ 0-1

[Event "Deutsche Einzelmeisterschaft"]
[Site "Heringsdorf"]
[Date "2000.11.23"]
[Round "7"]
[White "Mueller, Karsten"]
[Black "Sielecki, Christof"]
[Result "1-0"]
[WhiteElo "2513"]
[BlackElo "2424"]
[PlyCount "49"]

1. e4 e6 2. d4 d5 3. Nd2 c5 4. Ngf3 a6 5. dxc5 Bxc5 6. Bd3 Nf6 7. Qe2 Nc6 8.
O-O Qc7 9. c3 Bd7 10. exd5 Nxd5 11. Ne4 Be7 12. g3 e5 13. Bc4 Nb6 14. Bb3 O-O
15. Nfg5 15... h6 {#} 16. Nxf7 Rxf7 17. Bxf7+ Kxf7 18. Qh5+ 18... Kg8 {#} 19.
Bxh6 gxh6 20. Qg6+ Kh8 21. Qxh6+ Kg8 22. Qg6+ Kh8 23. f4 Qd8 24. Qh6+ Kg8 25.
fxe5 1-0

[Event "Deutsche Einzelmeisterschaft"]
[Site "Heringsdorf"]
[Date "2000.11.23"]
[Round "7"]
[White "Meins, Gerlef"]
[Black "Buhmann, Rainer"]
[Result "1/2-1/2"]
[WhiteElo "2426"]
[BlackElo "2416"]
[PlyCount "83"]

1. d4 e6 2. c4 b6 3. e4 Bb7 4. Bd3 f5 5. exf5 Bb4+ 6. Kf1 Nf6 7. c5 bxc5 8. a3
c4 9. Bxc4 Ba5 10. fxe6 dxe6 11. Qa4+ Nc6 12. Nf3 O-O 13. Nc3 Kh8 14. Be3 Bb6
15. Rd1 Qe8 16. Ba6 Bxa6+ 17. Qxa6 Ng4 18. Qe2 e5 19. dxe5 Nxe3+ 20. fxe3 Nxe5
21. Nd5 Rd8 22. Nxb6 Rxd1+ 23. Qxd1 axb6 24. Qe2 Qc6 25. Kf2 Ng4+ 26. Kg3 Nf6
27. h4 Nh5+ 28. Kf2 Nf6 29. Rd1 Ng4+ 30. Kg3 Nh6 31. Qd3 Qf6 32. Rd2 Nf5+ 33.
Kh3 h6 34. Qe4 Nd6 35. Qg4 Re8 36. Qf4 Qe6+ 37. Kh2 Qxe3 38. Qxe3 Rxe3 39. Rc2
c5 40. Kg3 Kg8 41. Kf2 Rb3 42. Nd2 1/2-1/2

[Event "Deutsche Einzelmeisterschaft"]
[Site "Heringsdorf"]
[Date "2000.11.23"]
[Round "7"]
[White "Bischoff, Klaus"]
[Black "Heck, Norbert"]
[Result "1-0"]
[WhiteElo "2556"]
[BlackElo "2340"]
[PlyCount "147"]

1. d4 Nf6 2. c4 g6 3. Nc3 Bg7 4. e4 d6 5. f3 O-O 6. Be3 e5 7. Nge2 c6 8. Qd2
Nbd7 9. d5 cxd5 10. cxd5 a6 11. g3 Nh5 12. Bg2 f5 13. O-O Ndf6 14. Na4 fxe4 15.
fxe4 Bg4 16. Nb6 Rb8 17. b4 Nd7 18. Nc4 Qe7 19. Nc3 Rbc8 20. Rxf8+ Rxf8 21. Rc1
Rc8 22. Na5 Nf8 23. Na4 Qe8 24. Rxc8 Qxc8 25. Nb6 Qb8 26. h3 Bd7 27. Kh2 Nf6
28. Qc1 Ne8 29. a4 Bf6 30. Nac4 Qc7 31. Qd1 Bd8 32. Qb3 Kg7 33. Qa2 Nf6 34. Qa3
Ne8 35. Bf1 Bf6 36. Qc1 Kg8 37. Be2 h5 38. Na5 Qb8 39. Kg2 Bd8 40. Qc2 Kg7 41.
Nac4 Qc7 42. Bd3 Bf6 43. Na5 Qb8 44. Qc1 Kg8 45. Nac4 Qc7 46. Nb2 Qd8 47. Be2
Kh7 48. Nd3 Ng7 49. Nf2 g5 50. b5 axb5 51. axb5 Kg6 52. Qc4 Ne8 53. Qc2 Qc7 54.
Qb2 Bd8 55. Nc4 Bf6 56. Qb4 Bc8 57. Qa3 Be7 58. Bb6 Qb8 59. Ba7 Qc7 60. Bb6 Qb8
61. Nxe5+ Kh6 62. Nc4 Ng6 63. Bd4 Bd7 64. Nb6 Qc7 65. Qf3 Bf6 66. Bxf6 Nxf6 67.
Nxd7 Nxd7 68. Qxh5+ Kg7 69. Qxg5 Nde5 70. Bh5 Qc3 71. h4 Kh7 72. Bxg6+ Nxg6 73.
Ng4 Qc2+ 74. Kh3 1-0

[Event "Deutsche Einzelmeisterschaft"]
[Site "Heringsdorf"]
[Date "2000.11.23"]
[Round "7"]
[White "Holzhaeuer, Mathias"]
[Black "Paulsen, Dirk"]
[Result "0-1"]
[WhiteElo "2362"]
[BlackElo "2431"]
[PlyCount "84"]

1. e4 g6 2. d4 Nf6 3. e5 Nh5 4. Bc4 d5 5. Be2 c5 6. dxc5 Nc6 7. Bxh5 gxh5 8.
Qxh5 Rg8 9. Bf4 Qa5+ 10. Nd2 Nd4 11. Qd1 Bf5 12. Rc1 Qa4 13. c4 Nc2+ 14. Kf1
dxc4 15. Ne2 O-O-O 16. Nc3 Qc6 17. Qf3 {#} 17... Rxd2 18. Qxc6+ bxc6 19. Bxd2
Bd3+ 20. Ne2 Nd4 21. Re1 e6 22. Be3 Bxc5 23. Bxd4 Bxd4 24. f4 Kc7 25. b3 cxb3
26. axb3 Rb8 27. h4 Rxb3 28. Rh3 f6 29. exf6 Bxf6 30. Kg1 Bc4 31. Rxb3 Bxb3 32.
Nc1 Bc4 33. Re4 Bd5 34. Ra4 Kb6 35. Kf1 a5 36. Nd3 Kb5 37. Ra3 a4 38. h5 Bc4
39. Ke1 Be7 40. Rc3 a3 41. Kd2 a2 42. Rc1 Bxd3 0-1

[Event "Deutsche Einzelmeisterschaft"]
[Site "Heringsdorf"]
[Date "2000.11.23"]
[Round "7"]
[White "Reeh, Oliver"]
[Black "Enigk, Frank"]
[Result "1/2-1/2"]
[WhiteElo "2420"]
[BlackElo "2195"]
[PlyCount "49"]

1. e4 e5 2. Bc4 Nc6 3. Nf3 Be7 4. O-O Nf6 5. d3 d6 6. a3 O-O 7. Re1 h6 8. Nbd2
Nh7 9. Nf1 Ng5 10. c3 Bg4 11. Bxg5 Bxg5 12. h3 Bd7 13. d4 Qe7 14. Qd3 Kh8 15.
Rad1 Rae8 16. dxe5 Nxe5 17. Nxe5 Qxe5 18. Nh2 Bf6 19. Nf3 Qh5 20. Nd4 Be5 21.
Bb5 c6 22. Bc4 Re7 23. Qf3 Qg5 24. Nf5 Bxf5 25. Qxf5 1/2-1/2

[Event "Deutsche Einzelmeisterschaft"]
[Site "Heringsdorf"]
[Date "2000.11.23"]
[Round "7"]
[White "Glienke, Manfred Dr"]
[Black "Siebrecht, Sebastian"]
[Result "1-0"]
[WhiteElo "2348"]
[BlackElo "2376"]
[PlyCount "119"]

1. d4 g6 2. Nf3 Bg7 3. Bf4 Nf6 4. e3 O-O 5. Be2 d6 6. h3 Nbd7 7. O-O Nh5 8. Bh2
e5 9. c4 Qe7 10. Nc3 c6 11. b4 f5 12. Rc1 f4 13. c5 {#} 13... d5 14. Nxe5 Nxe5
15. dxe5 Bxe5 16. Bxh5 gxh5 17. exf4 Bg7 18. Qxh5 Bf5 19. Rfe1 Qd7 20. Qf3 a5
21. b5 d4 22. bxc6 bxc6 23. Ne4 Qd5 24. g4 Bxe4 25. Qxe4 Qxa2 26. f5 Rfd8 27.
Bd6 a4 28. g5 Qf7 29. f6 Bf8 30. Qxd4 a3 31. Ra1 a2 32. Qd3 Ra5 33. Qg3 Qg6 34.
h4 h6 35. Bxf8 Rxf8 36. gxh6 Rxf6 37. Re2 Kh7 38. Kh2 Kxh6 39. Raxa2 Rxa2 40.
Rxa2 Qf5 41. Qg5+ Qxg5 42. hxg5+ Kxg5 43. Kg3 Rf5 44. Rc2 Rd5 45. Kf3 Kf5 46.
Ke3 Ke5 47. f4+ Kf5 48. Rc1 Rd8 49. Rh1 Rd5 50. Rh6 Rd1 51. Rxc6 Re1+ 52. Kd4
Rd1+ 53. Kc4 Rc1+ 54. Kb5 Rb1+ 55. Ka6 Kxf4 56. Re6 Kf5 57. Re2 Kf6 58. c6 Ra1+
59. Kb7 Rb1+ 60. Kc8 1-0

[Event "Deutsche Einzelmeisterschaft"]
[Site "Heringsdorf"]
[Date "2000.11.23"]
[Round "7"]
[White "Zeller, Frank"]
[Black "Baramidze, David"]
[Result "0-1"]
[WhiteElo "2434"]
[BlackElo "2242"]
[PlyCount "108"]

1. Nf3 Nf6 2. c4 g6 3. Nc3 d5 4. cxd5 Nxd5 5. h4 h5 6. Qb3 Nb6 7. Ng5 e6 8. e3
Bg7 9. d4 O-O 10. Be2 Qe7 11. O-O N8d7 12. Rd1 Rd8 13. e4 Nf6 14. a4 a5 15. Bf4
Ne8 16. Nb5 c6 17. Nc7 Nxc7 18. Qxb6 Na6 19. Ra3 Rd7 20. Bc4 Qb4 21. Qxb4 21...
Nxb4 {#} 22. Nxe6 fxe6 23. Bxe6+ Rf7 24. Bc4 Kf8 25. Bd6+ Ke8 26. Rg3 Rd7 27.
Rxg6 b6 28. e5 Nd5 29. Bxd5 cxd5 30. Rc1 Kf7 31. Rg5 Rb7 32. Rc3 Bg4 33. f3 Bd7
34. Rxh5 Rc8 35. Rxc8 Bxc8 36. g4 Bd7 37. Kf2 Bxa4 38. f4 Be8 39. f5 Kg8 40.
Rg5 Kh7 41. f6 Bh6 42. Rf5 Bd7 43. Kf3 Be6 44. Rf4 Bxf4 45. Kxf4 b5 46. h5 b4
47. g5 a4 48. g6+ Kg8 49. Bxb4 Rxb4 50. h6 Rxb2 51. h7+ Kh8 52. Kg5 Rg2+ 53.
Kh6 Rh2+ 54. Kg5 Rxh7 0-1

[Event "Deutsche Einzelmeisterschaft"]
[Site "Heringsdorf"]
[Date "2000.11.23"]
[Round "7"]
[White "Schramm, Christian"]
[Black "Woll, Wilfried"]
[Result "1-0"]
[WhiteElo "2326"]
[BlackElo "2170"]
[PlyCount "155"]

1. e4 e6 2. d4 d5 3. Nc3 Nf6 4. exd5 Nxd5 5. Nxd5 exd5 6. Bd3 Nc6 7. c3 g6 8.
Ne2 Bg7 9. Be3 Ne7 10. Ng3 Be6 11. h4 Qd7 12. Qc2 h5 13. O-O-O O-O-O 14. Rde1
Rde8 15. a4 Kb8 16. b4 Nc8 17. Bf4 Nd6 18. Kb2 Bf6 19. Be5 Qd8 20. Qd2 Rhg8 21.
Bxf6 Qxf6 22. Qg5 Qxg5 23. hxg5 c6 24. Re5 Kc7 25. Kc2 Kd8 26. Rhe1 Bd7 27. f3
h4 28. Ne2 Bf5 29. Bxf5 Nxf5 30. Nf4 Re7 31. Rxe7 Nxe7 32. b5 Nf5 33. bxc6 bxc6
34. Rb1 Kc7 35. Re1 Rh8 36. Kd2 Rb8 37. Kc2 Rh8 38. Re5 Rb8 39. Re2 Kd6 40. Nd3
Rc8 41. Re1 Rb8 42. Ne5 Rb7 43. a5 c5 44. a6 Re7 45. Kd3 cxd4 46. cxd4 Rc7 47.
Rh1 Ke6 48. f4 Rc8 49. Rb1 49... Nd6 {#} 50. Rb7 Nxb7 51. axb7 Re8 52. Nc6 Kf5
53. Ne7+ Kxf4 54. Nc8 Re3+ 55. Kc2 Re2+ 56. Kb3 Rxg2 57. b8=Q+ Kxg5 58. Nd6 f5
59. Nf7+ Kg4 60. Ne5+ Kh3 61. Qg8 g5 62. Qxd5 f4 63. Kc4 g4 64. Ng6 f3 65. Qg5
Kh2 66. Qxh4+ Kg1 67. Qe1+ Kh2 68. Ne5 Kh3 69. Nd3 g3 70. Nf4+ Kh2 71. Nxg2
Kxg2 72. Qe4 Kf2 73. Kd3 g2 74. Qe3+ Kg3 75. Ke4 Kh2 76. Qf4+ Kh3 77. Qxf3+ Kh2
78. Qf2 1-0

[Event "Deutsche Einzelmeisterschaft"]
[Site "Heringsdorf"]
[Date "2000.11.23"]
[Round "7"]
[White "Knuth, Hannes"]
[Black "Bruch, Jochen"]
[Result "1/2-1/2"]
[WhiteElo "2308"]
[BlackElo "2336"]
[PlyCount "115"]

1. d4 Nf6 2. c4 c5 3. e3 e6 4. Nf3 a6 5. Nc3 cxd4 6. exd4 d6 7. Bd3 Be7 8. O-O
O-O 9. b4 Nbd7 10. Bf4 Re8 11. h3 e5 12. Bh2 Qb6 13. Rb1 exd4 14. Nxd4 Ne5 15.
Re1 Bf8 16. Bf1 Bd7 17. Nc2 Bf5 18. Rb2 Bxc2 19. Rxc2 Qxb4 20. Qb1 a5 21. Ne4
Nxe4 22. Rb2 {#} 22... Nd2 23. Rxb4 Nef3+ 24. gxf3 Nxf3+ 25. Kh1 Rxe1 26. Qxe1
Nxe1 27. Rxb7 Nf3 28. Bg2 Nxh2 29. Bd5 Kh8 30. Rxf7 Rb8 31. Kxh2 g6 32. Ra7 Rb2
33. Rxa5 Rxf2+ 34. Kg3 Rf1 35. Ra8 Kg7 36. a4 Kh6 37. Kg2 Rf4 38. Rd8 Bg7 39.
Rxd6 Bd4 40. Rd7 Rf2+ 41. Kg3 Ra2 42. Bg8 Bg1 43. Rxh7+ Kg5 44. h4+ Kf5 45.
Rf7+ Ke5 46. Rf1 Bd4 47. Kg4 Rg2+ 48. Kf3 Ra2 49. Re1+ Kf6 50. Ke4 Bf2 51. Rf1
Kg7 52. Be6 Bxh4 53. Rf7+ Kh6 54. Bd7 Bf2 55. Rxf2 Rxf2 56. c5 Kg7 57. c6 Rc2
58. Ke5 1/2-1/2

[Event "Deutsche Einzelmeisterschaft"]
[Site "Heringsdorf"]
[Date "2000.11.23"]
[Round "7"]
[White "Pfretzschner, Roland"]
[Black "Braun, Peter"]
[Result "1/2-1/2"]
[WhiteElo "2295"]
[BlackElo "2264"]
[PlyCount "61"]

1. e4 c6 2. d4 d5 3. exd5 cxd5 4. c4 Nf6 5. Nc3 Nc6 6. Nf3 Bg4 7. cxd5 Nxd5 8.
Qb3 Bxf3 9. gxf3 Nb6 10. Be3 e6 11. Rg1 g6 12. O-O-O Bg7 13. d5 exd5 14. Bc5
Ne7 15. Bb5+ Kf8 16. Rge1 Bf6 17. Bxe7+ Bxe7 18. Nxd5 Nxd5 19. Rxd5 Qc7+ 20.
Kb1 Rd8 21. Red1 Kg7 22. Rd7 Qe5 23. Qd5 Qxd5 24. R1xd5 Kf6 25. Bc4 Rxd7 26.
Rxd7 Rc8 27. b3 Rb8 28. a4 a5 29. Rc7 b6 30. Kc2 Rd8 31. Rb7 1/2-1/2

[Event "Deutsche Einzelmeisterschaft"]
[Site "Heringsdorf"]
[Date "2000.11.23"]
[Round "7"]
[White "Heinrich, Alexander Dr"]
[Black "Hammes, Michael"]
[Result "0-1"]
[WhiteElo "2146"]
[BlackElo "2401"]
[PlyCount "92"]

1. e4 e6 2. d4 d5 3. exd5 exd5 4. Bf4 Nf6 5. Bd3 c5 6. Qe2+ Be7 7. dxc5 O-O 8.
Nf3 Re8 9. O-O Bxc5 10. Qd2 Nc6 11. Qc1 Ne4 12. Nc3 Nxc3 13. bxc3 Bg4 14. Nd2
Ne5 15. Bb5 Bd7 16. Bxd7 Qxd7 17. Nb3 Bb6 18. Qd2 Qf5 19. Nd4 Bxd4 20. Qxd4 Ng6
21. Be3 Re4 22. Qd2 Rd8 23. Rab1 b6 24. Rb4 h6 25. Rd1 Ne5 26. Rxe4 Qxe4 27.
Bd4 Nc4 28. Qc1 Re8 29. Rf1 Re6 30. Qd1 Na3 31. f3 Qxc2 32. Qxc2 Nxc2 33. Rc1
Re2 34. Bf2 Na3 35. Rd1 Rxa2 36. Bg3 Nc4 37. Rxd5 Rxg2+ 38. Kxg2 Ne3+ 39. Kf2
Nxd5 40. c4 Ne7 41. Ke3 Nf5+ 42. Ke4 Nxg3+ 43. hxg3 a5 44. Kd4 h5 45. f4 f6 46.
f5 Kh7 0-1

[Event "Deutsche Einzelmeisterschaft"]
[Site "Heringsdorf"]
[Date "2000.11.23"]
[Round "7"]
[White "Valet, Richard"]
[Black "Barmbold, Jens"]
[Result "1/2-1/2"]
[WhiteElo "2148"]
[BlackElo "2270"]
[PlyCount "77"]

1. e4 Nc6 2. d4 e5 3. dxe5 Nxe5 4. Nf3 Qf6 5. Be2 Bc5 6. O-O Ne7 7. Nxe5 Qxe5
8. Nc3 O-O 9. Kh1 d6 10. f4 Qd4 11. Qxd4 Bxd4 12. Nb5 Bb6 13. c3 Nc6 14. Na3 f5
15. exf5 Bxf5 16. Bc4+ Kh8 17. Bd2 Rae8 18. Rae1 Be4 19. Be2 d5 20. h3 Ne7 21.
Kh2 Nf5 22. Bf3 Bxf3 23. Rxe8 Rxe8 24. Rxf3 Re2 25. Rd3 Nh4 26. Nc4 Rxg2+ 27.
Kh1 Rg1+ 28. Kh2 Rg2+ 29. Kh1 Rg1+ 30. Kh2 Nf3+ 31. Rxf3 dxc4 32. Be3 Rd1 33.
Bxb6 axb6 34. Re3 Rd2+ 35. Kg3 Kg8 36. Re7 Rxb2 37. Rxc7 Rxa2 38. Rxc4 Rc2 39.
Kg4 1/2-1/2

[Event "Deutsche Einzelmeisterschaft"]
[Site "Heringsdorf"]
[Date "2000.11.23"]
[Round "7"]
[White "Stahr, Ralf-Peter"]
[Black "Bischoff, Dieter"]
[Result "1/2-1/2"]
[WhiteElo "2144"]
[BlackElo "2194"]
[PlyCount "80"]

1. c4 g6 2. Nc3 Bg7 3. d4 Nf6 4. e4 d6 5. Be2 O-O 6. Nf3 e5 7. O-O Nc6 8. Be3
Ng4 9. Bg5 f6 10. Bh4 g5 11. Bg3 Nh6 12. d5 Ne7 13. Rc1 Ng6 14. b4 Nf4 15. Nd2
Nxe2+ 16. Qxe2 f5 17. f3 f4 18. Bf2 Rf7 19. h3 Bf8 20. c5 Rg7 21. Rc2 Qe8 22.
cxd6 Bxd6 23. Nb5 23... g4 {#} 24. fxg4 Nxg4 25. Nxd6 cxd6 26. hxg4 h5 27. g5
Bg4 28. Nf3 h4 29. Rfc1 Qh5 30. Rc7 Rxg5 31. Qc2 Bxf3 32. Rc8+ Kh7 33. Qc7+
33... Rg7 {#} 34. Qxg7+ Kxg7 35. R1c7+ Kf6 36. Rxa8 Bxe4 37. Rf8+ Kg6 38. Rg8+
Kf6 39. Rf8+ Kg6 40. Rg8+ Kf6 1/2-1/2